[Event "Titled Tuesday intern op 23rd Apr Late"]
[Site "Chess.com INT"]
[Date "2024.04.23"]
[Round "7"]
[White "Chigaev, Maksim"]
[Black "Nihal, Sarin"]
[Result "0-1"]
[WhiteElo "2621"]
[BlackElo "2698"]
[PlyCount "80"]
[EventDate "2024.04.23"]
[EventType "swiss (blitz)"]
[EventRounds "11"]
[EventCountry "USA"]
[SourceTitle "CB18_2024"]
[SourceDate "2024.05.01"]
[SourceVersion "1"]
[SourceVersionDate "2024.05.01"]
[SourceQuality "2"]

1. e4 c5 2. Ne2 Nf6 3. Nbc3 Qa5 4. g3 h5 5. h3 Nc6 6. Bg2 g6 7. 0-0 Bg7 8. d4 cxd4 9. Nxd4 0-0 10. Nb3 Qd8 11. Bg5 d6 12. Re1 Be6 13. Nd5 Nh7 14. Bc1 Rc8 15. c3 Re8 16. Be3 Nf6 17. Nd4 Bd7 18. Nb3 Ne5 19. Bg5 Nc4 20. Re2 Nh7 21. Bc1 b5 22. a3 a5 23. Nd4 Nf6 24. Bg5 e6 25. Nxf6+ Bxf6 26. Bc1 Qb6 27. Kh1 b4 28. axb4 axb4 29. h4 Kg7 30. Kg1 Rc7 31. b3 bxc3 32. bxc4 Qxd4 33. Qe1 Qxc4 34. Be3 Rb8 35. Rc1 Rcb7 36. e5 Bxe5 37. Bxb7 Rxb7 38. Bg5 Bd4 39. Be3 e5 40. Bg5 Bc6 0-1

[Event "Titled Tuesday intern op 23rd Apr Late"]
[Site "Chess.com INT"]
[Date "2024.04.23"]
[Round "11"]
[White "Chigaev, Maksim"]
[Black "Vanczak, Tamas"]
[Result "1-0"]
[WhiteElo "2621"]
[BlackElo "2424"]
[PlyCount "103"]
[EventDate "2024.04.23"]
[EventType "swiss (blitz)"]
[EventRounds "11"]
[EventCountry "USA"]
[SourceTitle "CB18_2024"]
[SourceDate "2024.05.01"]
[SourceVersion "1"]
[SourceVersionDate "2024.05.01"]
[SourceQuality "2"]

1. e4 c6 2. d4 d5 3. exd5 cxd5 4. Bd3 Nc6 5. c3 Nf6 6. h3 g6 7. Qc2 Bg7 8. Nf3 0-0 9. 0-0 Nd7 10. Bf4 f6 11. Qb3 Nb6 12. Nbd2 e5 13. dxe5 fxe5 14. Be3 Kh8 15. Bb5 e4 16. Nh2 Ne5 17. f4 Nf7 18. Rad1 Nd6 19. Ng4 Nf5 20. Bc5 Rg8 21. Nxe4 Qc7 22. Bxb6 Qxb6+ 23. Nef2 h5 24. Ne5 Ne3 25. Nf7+ Kh7 26. Ng5+ Kh8 27. Rxd5 Nxd5 28. Qxd5 Bf5 29. Kh1 Rad8 30. Nf7+ Kh7 31. Ng5+ Kh8 32. Qb3 a6 33. Bc4 Qxb3 34. axb3 Rgf8 35. Nf7+ Rxf7 36. Bxf7 Rd2 37. g4 Bd7 38. Bxg6 Bc6+ 39. Be4 Rxb2 40. Bxc6 bxc6 41. Ne4 Rxb3 42. Kg2 hxg4 43. hxg4 Bxc3 44. Rf3 Rb2+ 45. Kh3 Be1 46. g5 a5 47. Kg4 a4 48. Kf5 Rb3 49. Rf1 Bb4 50. Kg6 a3 51. Nf6 Rh3 52. Rd1 1-0

[Event "Titled Tuesday intern op 23rd Apr Late"]
[Site "Chess.com INT"]
[Date "2024.04.23"]
[Round "9"]
[White "Hamitevici, Vladimir"]
[Black "Chigaev, Maksim"]
[Result "1-0"]
[WhiteElo "2445"]
[BlackElo "2621"]
[PlyCount "73"]
[EventDate "2024.04.23"]
[EventType "swiss (blitz)"]
[EventRounds "11"]
[EventCountry "USA"]
[SourceTitle "CB18_2024"]
[SourceDate "2024.05.01"]
[SourceVersion "1"]
[SourceVersionDate "2024.05.01"]
[SourceQuality "2"]

1. e4 c5 2. a4 g6 3. f4 Bg7 4. Nf3 d6 5. Bb5+ Bd7 6. 0-0 Nc6 7. d3 Nf6 8. Qe2 0-0 9. Nbd2 a6 10. Bxc6 Bxc6 11. a5 b5 12. axb6 Qxb6 13. Nc4 Qc7 14. Bd2 d5 15. exd5 Bxd5 16. Nfe5 Qb7 17. Ra5 Nd7 18. Nxd7 Qxd7 19. Nb6 Qb7 20. Nxa8 Rxa8 21. Bc3 Qb6 22. Rfa1 Bxc3 23. bxc3 c4+ 24. Qf2 Qb2 25. Qd4 Be6 26. R5a2 Qb5 27. Ra5 Qb2 28. Re1 Qxc2 29. dxc4 Rc8 30. c5 Qb2 31. Rxa6 Qb7 32. Rb6 Qc7 33. c6 Rd8 34. Qe3 Rd6 35. Qc5 Rd8 36. Rb4 Rc8 37. Rd1 1-0

[Event "Titled Tuesday intern op 23rd Apr Late"]
[Site "Chess.com INT"]
[Date "2024.04.23"]
[Round "4"]
[White "Sarana, Alexey"]
[Black "Chigaev, Maksim"]
[Result "1/2-1/2"]
[WhiteElo "2703"]
[BlackElo "2621"]
[PlyCount "102"]
[EventDate "2024.04.23"]
[EventType "swiss (blitz)"]
[EventRounds "11"]
[EventCountry "USA"]
[SourceTitle "CB18_2024"]
[SourceDate "2024.05.01"]
[SourceVersion "1"]
[SourceVersionDate "2024.05.01"]
[SourceQuality "2"]

1. d4 d5 2. c4 e6 3. Nc3 Nf6 4. Bg5 Be7 5. e3 0-0 6. Qc2 Ne4 7. Bxe7 Qxe7 8. cxd5 Nxc3 9. bxc3 exd5 10. Bd3 h6 11. Ne2 Nd7 12. 0-0 Nf6 13. c4 dxc4 14. Qxc4 Rd8 15. Rfc1 c6 16. a4 Be6 17. Qc2 Nd5 18. Qb2 Nb4 19. Be4 a5 20. Nf4 Rac8 21. Rc5 Bd5 22. Bxd5 cxd5 23. Rxa5 Rc2 24. Qb3 Qc7 25. Rc5 Rxc5 26. dxc5 Qxc5 27. Ne2 Qc4 28. Qb2 Nc6 29. h3 d4 30. exd4 Nxd4 31. Ng3 Qd5 32. Re1 Qb3 33. Qa1 Nc2 34. Qb1 Qxa4 35. Re7 Qb4 36. Qxb4 Nxb4 37. Rxb7 Nd5 38. Nf5 Nf6 39. g4 Kf8 40. Rb6 Ng8 41. Kg2 Ne7 42. Ne3 Nd5 43. Nxd5 Rxd5 44. Ra6 Kg8 45. Rb6 Kh7 46. Ra6 g5 47. Ra7 Kg7 48. Ra6 Re5 49. Ra7 Rd5 50. Ra6 Re5 51. Ra7 Rd5 1/2-1/2

[Event "Titled Tuesday intern op 23rd Apr Late"]
[Site "Chess.com INT"]
[Date "2024.04.23"]
[Round "1"]
[White "Shohat, Yotam"]
[Black "Chigaev, Maksim"]
[Result "0-1"]
[WhiteElo "2398"]
[BlackElo "2621"]
[PlyCount "48"]
[EventDate "2024.04.23"]
[EventType "swiss (blitz)"]
[EventRounds "11"]
[EventCountry "USA"]
[SourceTitle "CB18_2024"]
[SourceDate "2024.05.01"]
[SourceVersion "1"]
[SourceVersionDate "2024.05.01"]
[SourceQuality "2"]

1. e4 c5 2. Nf3 d6 3. d4 cxd4 4. Qxd4 Nf6 5. Nc3 a6 6. Bg5 Nc6 7. Qd3 e6 8. Be2 Be7 9. 0-0 0-0 10. Rad1 Qc7 11. a3 Rd8 12. h3 b5 13. Rd2 Bb7 14. Rfd1 Rac8 15. Bf4 Ne5 16. Bxe5 dxe5 17. Qe3 Rxd2 18. Rxd2 h6 19. Bd3 Bc5 20. Qe2 Nh5 21. g3 Nxg3 22. Qd1 Nh5 23. Bf1 Nf6 24. a4 b4 0-1

[Event "Titled Tuesday intern op 16th Apr Late"]
[Site "Chess.com INT"]
[Date "2024.04.16"]
[Round "7"]
[White "Aliyev, Ravan"]
[Black "Chigaev, Maksim"]
[Result "0-1"]
[WhiteElo "2352"]
[BlackElo "2621"]
[PlyCount "74"]
[EventDate "2024.04.16"]
[EventType "swiss (blitz)"]
[EventRounds "11"]
[EventCountry "USA"]
[SourceTitle "CB17_2024"]
[SourceDate "2024.04.24"]
[SourceVersion "1"]
[SourceVersionDate "2024.04.24"]
[SourceQuality "1"]

1. d4 Nf6 2. c4 e6 3. Nf3 b6 4. a3 Bb7 5. Nc3 d5 6. cxd5 Nxd5 7. Qc2 Be7 8. e4 Nxc3 9. bxc3 c5 10. Bd3 0-0 11. 0-0 Nc6 12. Bb2 Rc8 13. Qe2 Na5 14. Rad1 Qc7 15. Ne5 Bd6 16. Ng4 f5 17. exf5 exf5 18. Ne5 c4 19. Bc2 Rce8 20. f4 Bd5 21. Ba4 Re6 22. Bc1 a6 23. Bc2 b5 24. Qf2 Nb3 25. Bb2 Qb7 26. Rfe1 a5 27. Re3 Be4 28. Bxe4 fxe4 29. Qg3 Qd5 30. Rde1 Nd2 31. Bc1 Bxe5 32. fxe5 Rg6 33. Qh3 Nf3+ 34. Kh1 Nxe1 35. Rxe1 b4 36. axb4 axb4 37. Kg1 e3 0-1

[Event "Titled Tuesday intern op 16th Apr Late"]
[Site "Chess.com INT"]
[Date "2024.04.16"]
[Round "2"]
[White "Hilkevich, Zahar"]
[Black "Chigaev, Maksim"]
[Result "0-1"]
[WhiteElo "2022"]
[BlackElo "2621"]
[PlyCount "54"]
[EventDate "2024.04.16"]
[EventType "swiss (blitz)"]
[EventRounds "11"]
[EventCountry "USA"]
[SourceTitle "CB17_2024"]
[SourceDate "2024.04.24"]
[SourceVersion "1"]
[SourceVersionDate "2024.04.24"]
[SourceQuality "1"]

1. d4 Nf6 2. c4 e6 3. Nc3 Bb4 4. e3 c5 5. Nge2 b6 6. a3 Ba5 7. Bd2 Bb7 8. Rb1 Na6 9. Ng3 0-0 10. Bd3 d5 11. cxd5 Bxc3 12. bxc3 exd5 13. 0-0 Re8 14. Qc2 h5 15. Rfe1 Rc8 16. Qa4 c4 17. Bf5 Rc7 18. f3 h4 19. Nh1 Bc8 20. Bxc8 Qxc8 21. Nf2 Rce7 22. Re2 Qb7 23. Rbe1 Nc7 24. Qc2 Nb5 25. e4 dxe4 26. fxe4 h3 27. e5 Qxg2# 0-1

[Event "Menorca op 3rd"]
[Site "Ciutadella de Menorca"]
[Date "2024.04.04"]
[Round "5"]
[White "Seemann, Jakub"]
[Black "Chigaev, Maksim"]
[Result "1/2-1/2"]
[WhiteElo "2465"]
[BlackElo "2621"]
[PlyCount "97"]
[EventDate "2024.04.02"]
[EventType "swiss"]
[EventRounds "9"]
[EventCountry "ESP"]
[SourceTitle "CB15_2024"]
[SourceDate "2024.04.10"]
[SourceVersion "1"]
[SourceVersionDate "2024.04.10"]
[SourceQuality "1"]

1. e4 e5 2. Nf3 Nc6 3. Bc4 Nf6 4. d3 h6 5. 0-0 d6 6. c3 g5 7. Nbd2 Bg7 8. Bb3 a5 9. Nc4 b5 10. Ne3 a4 11. Bc2 0-0 12. Re1 Re8 13. h3 d5 14. exd5 Nxd5 15. d4 e4 16. Ne5 Nxe3 17. Bxe3 Bxe5 18. dxe5 Qxd1 19. Raxd1 Rxe5 20. Bd4 Nxd4 21. cxd4 Re7 22. Bxe4 Ra6 23. Bd3 Rxe1+ 24. Rxe1 Be6 25. Bxb5 Ra5 26. Bc6 Bxa2 27. Re7 a3 28. bxa3 Rxa3 29. Rxc7 Rc3 30. Rc8+ Kg7 31. Bb7 Rd3 32. Rd8 Kf6 33. Bf3 Be6 34. Kh2 Ke7 35. Rh8 Rxd4 36. Rxh6 Rh4 37. Rxh4 gxh4 38. g3 hxg3+ 39. Kxg3 f6 40. h4 Kf8 41. Bg4 Bf7 42. Kf4 Kg7 43. Kf5 Bg8 44. f4 Bf7 45. h5 Bg8 46. Bf3 Bb3 47. Be4 Kf7 48. Kg4 Kg7 49. Kf5 1/2-1/2

[Event "Karlsruhe Grenke op"]
[Site "Karlsruhe"]
[Date "2024.03.28"]
[Round "1"]
[White "Wurzel, Andre"]
[Black "Chigaev, Maksim"]
[Result "0-1"]
[WhiteElo "2123"]
[BlackElo "2617"]
[PlyCount "64"]
[EventDate "2024.03.28"]
[EventType "swiss"]
[EventRounds "9"]
[EventCountry "GER"]
[SourceTitle "CB14_2024"]
[SourceDate "2024.04.01"]
[SourceVersion "1"]
[SourceVersionDate "2024.04.01"]
[SourceQuality "1"]

1. d4 Nf6 2. c4 g6 3. Nc3 Bg7 4. e4 d6 5. Nf3 0-0 6. Be2 Na6 7. Nd2 c5 8. d5 e6 9. 0-0 Re8 10. Re1 Nc7 11. a4 Na6 12. dxe6 Bxe6 13. Nf1 Qa5 14. Bf4 Qb4 15. Bd2 Qb6 16. a5 Qd8 17. Bg5 Nb4 18. Ne3 Nc6 19. a6 bxa6 20. Rxa6 Qc8 21. Ra3 Nd4 22. Bd3 Qb7 23. Qa1 Nd7 24. Nb5 Nxb5 25. cxb5 Ne5 26. Bf1 c4 27. f4 Nd3 28. Bxd3 cxd3 29. Rxd3 Qxe4 30. Qd1 Qb4 31. Nc2 Qc5+ 32. Nd4 Bc4 0-1

[Event "Bucharest Grand Prix op"]
[Site "Bucharest"]
[Date "2024.03.24"]
[Round "7"]
[White "Chigaev, Maksim"]
[Black "Motylev, Alexander"]
[Result "1/2-1/2"]
[WhiteElo "2617"]
[BlackElo "2611"]
[PlyCount "33"]
[EventDate "2024.03.23"]
[EventType "swiss (rapid)"]
[EventRounds "10"]
[EventCountry "ROU"]
[SourceTitle "CB13_2024"]
[SourceDate "2024.03.27"]
[SourceVersion "1"]
[SourceVersionDate "2024.03.27"]
[SourceQuality "1"]

1. e4 e5 2. Nf3 Nc6 3. Bc4 Nf6 4. d3 Bc5 5. a4 0-0 6. a5 a6 7. 0-0 d6 8. c3 Be6 9. Bxe6 fxe6 10. Be3 Bxe3 11. fxe3 Qd7 12. Nbd2 h6 13. d4 exd4 14. exd4 e5 15. dxe5 Nxe5 16. Nxe5 dxe5 17. Qb3+ 1/2-1/2

[Event "Bucharest Grand Prix op"]
[Site "Bucharest"]
[Date "2024.03.23"]
[Round "1"]
[White "Chigaev, Maksim"]
[Black "Fileru, Maria"]
[Result "1-0"]
[WhiteElo "2617"]
[BlackElo "1822"]
[PlyCount "77"]
[EventDate "2024.03.23"]
[EventType "swiss (rapid)"]
[EventRounds "10"]
[EventCountry "ROU"]
[SourceTitle "CB13_2024"]
[SourceDate "2024.03.27"]
[SourceVersion "1"]
[SourceVersionDate "2024.03.27"]
[SourceQuality "1"]

1. e4 e5 2. Nf3 Nc6 3. Bb5 a6 4. Ba4 b5 5. Bb3 Bb7 6. 0-0 Be7 7. c3 Nf6 8. Re1 0-0 9. d4 d6 10. Nbd2 h6 11. Bc2 Re8 12. Nf1 Bf8 13. Ng3 Qc8 14. Bd2 Nb8 15. a4 Nbd7 16. Bd3 bxa4 17. Rxa4 Nb6 18. Ra5 c5 19. d5 c4 20. Be2 Nfd7 21. Be3 Qc7 22. Qa1 Be7 23. Nf5 Bd8 24. Nd2 Nf6 25. Bxb6 Qxb6 26. Nxc4 Qa7 27. Nfxd6 Bxa5 28. Nxa5 Nxe4 29. Nxe4 Bxd5 30. Ng3 Qc5 31. b4 Qc7 32. c4 Be6 33. c5 f5 34. Bc4 f4 35. Nf5 Kh7 36. Nd6 Re7 37. Qxe5 f3 38. Bxe6 Rf8 39. Bf5+ 1-0

[Event "Titled Tuesday intern op 12th Mar Late"]
[Site "Chess.com INT"]
[Date "2024.03.12"]
[Round "10"]
[White "Bordi, Kevin Claude"]
[Black "Chigaev, Maksim"]
[Result "1-0"]
[WhiteElo "2288"]
[BlackElo "2617"]
[PlyCount "139"]
[EventDate "2024.03.12"]
[EventType "swiss (blitz)"]
[EventRounds "11"]
[EventCountry "USA"]
[SourceTitle "CB12_2024"]
[SourceDate "2023.10.01"]
[SourceVersion "1"]
[SourceVersionDate "2023.10.01"]
[SourceQuality "1"]

1. e4 e5 2. Nf3 Nc6 3. d4 exd4 4. Nxd4 Nf6 5. Nxc6 bxc6 6. e5 Qe7 7. Qe2 Nd5 8. c4 Ba6 9. b3 g6 10. g3 Bg7 11. Bb2 0-0-0 12. Bg2 Rhe8 13. 0-0 Bxe5 14. Qxe5 Qxe5 15. Bxe5 Rxe5 16. cxd5 Bxf1 17. Kxf1 cxd5 18. Nc3 c6 19. Rc1 Kb7 20. Na4 a5 21. Nc5+ Ka7 22. Nd3 Re7 23. Bf3 Kb6 24. h4 h5 25. Nf4 Ree8 26. Be2 a4 27. b4 a3 28. Rc3 Re4 29. Rb3 Ra8 30. Ke1 Ra4 31. Nd3 d6 32. Kd2 Rc4 33. Bd1 Ra8 34. Rb1 Rd4 35. Kc3 Rc4+ 36. Kd2 d4 37. Rb3 d5 38. Ne1 Re8 39. Nc2 f5 40. Nxa3 Ra8 41. Nxc4+ dxc4 42. Rb1 Rxa2+ 43. Ke1 d3 44. Bb3 cxb3 45. Rxb3 d2+ 46. Kd1 Kb5 47. Rc3 Ra6 48. Re3 Kxb4 49. Re6 Kc3 50. Re3+ Kd4 51. Re6 Kd3 52. Re3+ Kc4 53. Re6 Kb5 54. Rxg6 Ra2 55. Rd6 c5 56. Rxd2 Rxd2+ 57. Kxd2 Kc4 58. f3 Kd4 59. Kc2 Ke3 60. g4 fxg4 61. fxg4 hxg4 62. h5 g3 63. h6 g2 64. h7 g1Q 65. h8Q Qf2+ 66. Kb3 Qf7+ 67. Kc3 Ke4 68. Qh1+ Ke5 69. Qh2+ Kd5 70. Qa2+ 1-0

[Event "Titled Tuesday intern op 12th Mar Early"]
[Site "Chess.com INT"]
[Date "2024.03.12"]
[Round "3"]
[White "Grandadam, Nicolas"]
[Black "Chigaev, Maksim"]
[Result "1/2-1/2"]
[WhiteElo "2265"]
[BlackElo "2617"]
[PlyCount "102"]
[EventDate "2024.03.12"]
[EventType "swiss (blitz)"]
[EventRounds "11"]
[EventCountry "USA"]
[SourceTitle "CB12_2024"]
[SourceDate "2023.10.01"]
[SourceVersion "1"]
[SourceVersionDate "2023.10.01"]
[SourceQuality "1"]

1. Nf3 Nf6 2. c4 e6 3. Nc3 d5 4. d4 Be7 5. Bg5 0-0 6. e3 Ne4 7. Bxe7 Qxe7 8. Qc2 Nxc3 9. Qxc3 c6 10. Be2 Nd7 11. 0-0 dxc4 12. Bxc4 b6 13. b4 Bb7 14. Be2 Rfc8 15. a3 h6 16. Rfc1 a5 17. Ne1 e5 18. dxe5 Qxe5 19. Qxe5 Nxe5 20. Nd3 Nd7 21. Bf3 Rc7 22. g3 Kf8 23. h4 Ke7 24. Kg2 g6 25. Nf4 Rac8 26. bxa5 bxa5 27. Rab1 Ne5 28. Nd5+ cxd5 29. Rxb7 Rxb7 30. Rxc8 Nxf3 31. Kxf3 Rb3 32. Rc5 Rxa3 33. Rxd5 Ke6 34. Rb5 h5 35. Kf4 a4 36. e4 Kd6 37. Rb7 Ra2 38. f3 Ke6 39. Rb6+ Ke7 40. Rb7+ Kf8 41. Ra7 a3 42. e5 Ke8 43. g4 hxg4 44. fxg4 Ra1 45. Kg5 a2 46. e6 fxe6 47. Kxg6 Rg1 48. Rxa2 Rxg4+ 49. Kf6 Rxh4 50. Kxe6 Rh6+ 51. Ke5 Kd7 1/2-1/2

[Event "Titled Tuesday intern op 27th Feb Late"]
[Site "Chess.com INT"]
[Date "2024.02.27"]
[Round "7"]
[White "Bluebaum, Matthias"]
[Black "Chigaev, Maksim"]
[Result "1-0"]
[WhiteElo "2658"]
[BlackElo "2622"]
[PlyCount "123"]
[EventDate "2024.02.27"]
[EventType "swiss (blitz)"]
[EventRounds "11"]
[EventCountry "USA"]
[SourceTitle "CB10_2024"]
[SourceDate "2024.03.06"]
[SourceVersion "1"]
[SourceVersionDate "2024.03.06"]
[SourceQuality "1"]

1. d4 Nf6 2. c4 e6 3. Nc3 Bb4 4. e3 b6 5. Bd3 Bb7 6. Nf3 Bxc3+ 7. bxc3 Ne4 8. 0-0 f5 9. Nd2 Nxd2 10. Bxd2 0-0 11. f3 Qh4 12. a4 Nc6 13. c5 Rf6 14. Qe1 Qh5 15. e4 Ne7 16. Qg3 Rc8 17. a5 Rg6 18. Qf2 bxc5 19. Rab1 Bc6 20. Kh1 Rf8 21. Qe3 h6 22. a6 Rgf6 23. Rg1 fxe4 24. fxe4 Ng6 25. Qg3 Nh4 26. Rbe1 Rg6 27. Qh3 Qg4 28. Qxg4 Rxg4 29. Re3 Rf2 30. Be1 Rfxg2 31. Rf1 c4 32. Bb1 Rb2 33. Bg3 Rxb1 34. Rxb1 Bxe4+ 35. Rxe4 Rxe4 36. Bxh4 Rxh4 37. Rb7 Re4 38. Rxa7 Re1+ 39. Kg2 Ra1 40. Kf3 Kf7 41. Rxc7 Rxa6 42. Rxd7+ Kf6 43. Rc7 Ra2 44. Rxc4 Rxh2 45. Rc6 Kf5 46. Rc5+ Kf6 47. Rc6 Rh3+ 48. Ke4 Rh4+ 49. Kd3 Ke7 50. Rc7+ Kf6 51. Rc6 Kf5 52. Rc5+ Kf4 53. Re5 Rh3+ 54. Kd2 g5 55. Rxe6 g4 56. d5 g3 57. Rg6 Rh5 58. c4 Rg5 59. Rxg5 hxg5 60. Ke2 Kg4 61. Kf1 Kh3 62. Kg1 1-0

[Event "Titled Tuesday intern op 27th Feb Late"]
[Site "Chess.com INT"]
[Date "2024.02.27"]
[Round "5"]
[White "Chigaev, Maksim"]
[Black "Le, Quang Liem"]
[Result "1/2-1/2"]
[WhiteElo "2622"]
[BlackElo "2731"]
[PlyCount "112"]
[EventDate "2024.02.27"]
[EventType "swiss (blitz)"]
[EventRounds "11"]
[EventCountry "USA"]
[SourceTitle "CB10_2024"]
[SourceDate "2024.03.06"]
[SourceVersion "1"]
[SourceVersionDate "2024.03.06"]
[SourceQuality "1"]

1. e4 c5 2. Nf3 Nc6 3. Bb5 g6 4. 0-0 Bg7 5. Re1 e5 6. Bxc6 dxc6 7. d3 Qc7 8. a4 a5 9. Be3 b6 10. Na3 Nf6 11. Nc4 Nd7 12. Qc1 0-0 13. Bh6 Re8 14. Bxg7 Kxg7 15. b3 Nf8 16. h3 f6 17. Nh2 Ne6 18. h4 Nd4 19. Nf1 Be6 20. Ng3 h5 21. Ne2 Rad8 22. Nxd4 Rxd4 23. Rf1 Qe7 24. Nxb6 f5 25. exf5 Bxf5 26. Qg5 Qc7 27. Nc4 Rg4 28. Qe3 e4 29. f3 exf3 30. Qxf3 Rxh4 31. g3 Rg4 32. Kh1 Rxg3 33. Qf4 Rh3+ 34. Kg1 Qxf4 35. Rxf4 Re2 36. Rf2 Rxf2 37. Kxf2 Rh2+ 38. Ke3 Rxc2 39. Nxa5 h4 40. Nc4 Rc3 41. a5 Rxd3+ 42. Kf2 Bc8 43. a6 Bxa6 44. Rxa6 Rxb3 45. Rxc6 Rc3 46. Rxc5 Kh6 47. Rc6 Kh5 48. Ne5 Rxc6 49. Nxc6 g5 50. Ne5 g4 51. Nxg4 Kxg4 52. Kg2 h3+ 53. Kh2 Kh4 54. Kh1 Kg3 55. Kg1 h2+ 56. Kh1 Kh3 1/2-1/2

[Event "Titled Tuesday intern op 27th Feb Late"]
[Site "Chess.com INT"]
[Date "2024.02.27"]
[Round "4"]
[White "Niemann, Hans Moke"]
[Black "Chigaev, Maksim"]
[Result "0-1"]
[WhiteElo "2675"]
[BlackElo "2622"]
[PlyCount "108"]
[EventDate "2024.02.27"]
[EventType "swiss (blitz)"]
[EventRounds "11"]
[EventCountry "USA"]
[SourceTitle "CB10_2024"]
[SourceDate "2024.03.06"]
[SourceVersion "1"]
[SourceVersionDate "2024.03.06"]
[SourceQuality "1"]

1. c4 g6 2. Nc3 Bg7 3. d4 Nf6 4. e4 d6 5. h3 0-0 6. Be3 Na6 7. Be2 c6 8. Nf3 e5 9. d5 Nh5 10. 0-0 Nf4 11. Re1 Nxe2+ 12. Qxe2 c5 13. Kh2 f5 14. exf5 gxf5 15. Rg1 Kh8 16. Bg5 Qe8 17. Nb5 Qd7 18. Nh4 Nc7 19. Nxc7 Qxc7 20. f4 Rb8 21. Rae1 a6 22. Kh1 b5 23. fxe5 dxe5 24. b3 Rb6 25. Rgf1 f4 26. Nf3 Rg6 27. Bh4 Rh6 28. Bf2 Rf5 29. cxb5 Rfh5 30. Bg1 axb5 31. Qxb5 Qd8 32. d6 Rxd6 33. Qxc5 Rd5 34. Qc4 Bb7 35. Rc1 Qa8 36. Qc7 Rd8 37. Qf7 Rxh3+ 38. gxh3 Bxf3+ 39. Kh2 Bd5 40. Qf5 Qxa2+ 41. Rf2 Qa8 42. Rd2 Rg8 43. Rcd1 Be4 44. Qh5 Bf3 45. Qh4 Bxd1 46. Rxd1 Qa2+ 47. Qf2 Qxb3 48. Qd2 Qf3 49. Re1 Bf6 50. Qf2 Qd5 51. Qf1 e4 52. Kh1 e3+ 53. Kh2 Be5 54. Qd3 Qg2# 0-1

[Event "Bangabandhu-chT"]
[Site "Dhaka"]
[Date "2024.02.09"]
[Round "9.2"]
[White "Chigaev, Maksim"]
[Black "Mohammed Abdul, Malek"]
[Result "1-0"]
[WhiteElo "2622"]
[BlackElo "2047"]
[PlyCount "92"]
[EventDate "2024.02.01"]
[EventType "team-tourn"]
[EventRounds "11"]
[EventCountry "BAN"]
[SourceTitle "CB07_2024"]
[SourceDate "2024.02.14"]
[SourceVersion "1"]
[SourceVersionDate "2024.02.14"]
[SourceQuality "1"]
[WhiteTeam "Palli Sanchay Bank"]
[BlackTeam "Leonine CC"]
[WhiteTeamCountry "BAN"]
[BlackTeamCountry "BAN"]

1. e4 e5 2. Nf3 Nc6 3. Bb5 a6 4. Ba4 Be7 5. c4 Nf6 6. d3 d6 7. h3 0-0 8. 0-0 Nd7 9. Be3 f5 10. exf5 Rxf5 11. Nc3 Nf8 12. d4 Nxd4 13. Nxd4 exd4 14. Bxd4 c6 15. Bc2 Rf7 16. Re1 Be6 17. Qd3 Bf5 18. Qe2 Bxc2 19. Qxc2 Qd7 20. Rad1 Ne6 21. Be5 Rd8 22. Bg3 c5 23. Qe4 Nd4 24. Qd5 Kf8 25. a3 Qc6 26. Qxc6 bxc6 27. Na4 Bf6 28. f3 Re7 29. Kf1 Rxe1+ 30. Bxe1 Nf5 31. Rd3 Bd4 32. Bf2 Bxf2 33. Kxf2 Rb8 34. g4 Nd4 35. b4 cxb4 36. Rxd4 bxa3 37. Rd3 Rb4 38. Rxa3 Rxc4 39. Nb6 Rb4 40. Rxa6 Kf7 41. Nc8 Ke6 42. Rxc6 Kd7 43. Rb6 Ra4 44. Nxd6 Kc7 45. Rb7+ Kxd6 46. Rxg7 Kd5 1-0

[Event "Bangabandhu-chT"]
[Site "Dhaka"]
[Date "2024.02.08"]
[Round "8.2"]
[White "Rahman, Syed Mahfuzur"]
[Black "Chigaev, Maksim"]
[Result "0-1"]
[WhiteElo "2164"]
[BlackElo "2622"]
[PlyCount "72"]
[EventDate "2024.02.01"]
[EventType "team-tourn"]
[EventRounds "11"]
[EventCountry "BAN"]
[SourceTitle "CB07_2024"]
[SourceDate "2024.02.14"]
[SourceVersion "1"]
[SourceVersionDate "2024.02.14"]
[SourceQuality "1"]
[WhiteTeam "Janata Bank Welfare Society"]
[BlackTeam "Palli Sanchay Bank"]
[WhiteTeamCountry "BAN"]
[BlackTeamCountry "BAN"]

1. d4 Nf6 2. c4 e6 3. g3 c5 4. Nf3 cxd4 5. Nxd4 d5 6. Bg2 e5 7. Nf3 d4 8. 0-0 Nc6 9. b4 e4 10. Ng5 Bxb4 11. Nxe4 Nxe4 12. Bxe4 Bh3 13. Bg2 Qd7 14. Bxh3 Qxh3 15. Ba3 Bxa3 16. Nxa3 h5 17. Qb3 Rb8 18. Qf3 h4 19. Qg2 Qxg2+ 20. Kxg2 h3+ 21. Kf3 f5 22. Kf4 0-0 23. e3 Rbe8 24. Rad1 Re4+ 25. Kf3 d3 26. Rxd3 Ne5+ 27. Ke2 Nxd3 28. Kxd3 Rc8 29. Rb1 b6 30. Rc1 Re5 31. Rc2 a6 32. Rb2 Ra5 33. Nc2 b5 34. cxb5 Rxb5 35. Rxb5 axb5 36. Nd4 Ra8 0-1